00445nam a2200145Ia 4500008004100000082001000041100002600051245002600077260002600103630002600129730002600155942000900181999001900190952009000209100328s9999 xx 000 0 und d b52853 aChaturvedi Benarsidas aCharles Freer Andrews bPublications Division aCharles Freer Andrews aCharles Freer Andrews cBOOK c539702d539699 00104070aRNVbRNVd2010-03-28l0pRNV-52853r2010-03-28 00:00:00w2010-03-28yBOOK